000 01100nam a22002537a 4500
005 20140318085917.0
008 140318s2007 uy abdogr|||| 00| 0 spa d
020 _a9789974563353
041 _aspa
044 _auy
082 _a598.09895
_bD67p
100 1 _aDomingo, Andrés
_922435
245 1 0 _aPlan de Acción Nacional para Reducir la Captura Incidental de Aves Marinas en las Pesquerías Uruguayas
_cMinisterio de Ganadería Agricultura y Pesca, Dirección Nacional de Recursos Acuáticos, Andrés Domingo, Sebastián Jiménez, Cecilia Passadore
260 3 _aMontevideo
_bDINARA
_c2007
300 _a76 p.
_bil., fot., mapas, tablas, gráficas
_c28 cm
504 _aIncluye bibliografía (páginas 43 y 44)
650 4 _aAves
_xMarinas
_zUruguay
_922445
650 4 _aAves
_xProtección
_zUruguay
_922446
650 4 _aAves
_xCaptura Incidental
_xPesquerias
_zUruguay
_922447
700 1 _aJiménez, Sebastián
_922439
700 1 _aPassadore, Cecilia
_922440
710 2 _aMinisterio de Ganadería Agricultura y Pesca
_bDirección Nacional de Recursos Acuáticos
_922448
942 _cImpreso
_2ddc
999 _c8298
_d8298